Great writing 5 : Greater Essays

Greater Essays use more challenging models and assignments to give students opportunities to further develop their essay writig and vocabulary skills.

Đã lưu trong:
Bibliografiske detaljer
Hovedforfatter: Folse, Keith S.
Format: Bog
Sprog:Undetermined
Udgivet: United States Heinlem, Cengage Learning 2010
Fag:
Tags: Tilføj Tag
Ingen Tags, Vær først til at tagge denne postø!
Thư viện lưu trữ: Trung tâm Học liệu Trường Đại học Cần Thơ
LEADER 00775nam a2200229Ia 4500
001 CTU_188013
008 210402s9999 xx 000 0 und d
020 |c 232000 
082 |a 808.042 
082 |b F671 
100 |a Folse, Keith S. 
245 0 |a Great writing 5 : 
245 0 |b Greater Essays 
245 0 |c Keith S. Folse, Tison Pugh 
260 |a United States 
260 |b Heinlem, Cengage Learning 
260 |c 2010 
520 |a Greater Essays use more challenging models and assignments to give students opportunities to further develop their essay writig and vocabulary skills. 
650 |a English language,Tiếng Anh 
650 |x Rhetoric,Tu từ học 
910 |a Bé Thảo,Hải 
980 |a Trung tâm Học liệu Trường Đại học Cần Thơ